000 nam a22 7a 4500
999 _c7847
_d7847
008 171028b xxu||||| |||| 00| 0 eng d
020 _a9788123918648
100 _aChaurasia`s
_94319
245 _aHuman Anatomy
250 _a5th edition
260 _aNew Delhi
_bCbs Publishers
_c2010